00625nmm a2200169Ia 4500008004100000020001800041041000800059100003000067245011600097264006800213300001800281490001600299650002300315700003000338700003600368856005100404251105s9999||||xx |||||||||||||||||und|| a9786071607935 aspa aKöhnke, Klaus Christian 0aSurgimiento y auge del neokantismo :b La filosofía universitaria alemana entre el idealismo y el positivismo a[México D.C., Mexico] :bFondo de Cultura Económica, c2012 a570 páginas aFilosofía aPhilosophy, Ethics aKöhnke, Klaus Christian1 a Ancona Quiroz, José Andrés uhttps://public.digitaliapublishing.com/a/43232